|
|
|
|
| LEADER |
00000nam0a2200000 4500 |
| 001 |
34444 |
| 005 |
20231030225403.0 |
| 035 |
|
|
|a (RuTPU)RU\TPU\book\34838
|
| 035 |
|
|
|a BOOK00001489
|
| 090 |
|
|
|a 34444
|
| 100 |
|
|
|a 20011210d1986 k y0rusy50 ca
|
| 101 |
0 |
|
|a rus
|
| 102 |
|
|
|a RU
|
| 105 |
|
|
|a y z 000zy
|
| 200 |
1 |
|
|a Гравиметрическая съемка
|f К. Е. Веселов
|
| 210 |
|
|
|a Москва
|c Недра
|d 1986
|
| 215 |
|
|
|a 312 с.
|
| 610 |
1 |
|
|a гравиразведка
|
| 610 |
1 |
|
|a гравиметрическая съемка
|
| 610 |
1 |
|
|a виды
|
| 610 |
1 |
|
|a задачи
|
| 610 |
1 |
|
|a гравиметры
|
| 610 |
1 |
|
|a устройства
|
| 610 |
1 |
|
|a регулировка
|
| 610 |
1 |
|
|a градуирование
|
| 610 |
1 |
|
|a измерения
|
| 610 |
1 |
|
|a градиентометрическая съемка
|
| 610 |
1 |
|
|a вариометрическая съемка
|
| 675 |
|
|
|a 550.831.2
|v 3
|
| 700 |
|
1 |
|a Веселов
|b К. Е.
|g Константин Евграфович
|
| 801 |
|
0 |
|a RU
|b 63413507
|c 20011210
|g PSBO
|
| 801 |
|
2 |
|a RU
|b 63413507
|c 20191225
|g PSBO
|
| 900 |
|
|
|a Гравиразведка
|
| 900 |
|
|
|a Учебно-производственная геофизическая практика
|
| 942 |
|
|
|c BK
|